Genetic evaluation for insect resistance in rice / (Record no. 12581)

000 -LEADER
fixed length control field 00613cam a22002177a 4500
020 ## - INTERNATIONAL STANDARD BOOK NUMBER
ISBN 9711041103
020 ## - INTERNATIONAL STANDARD BOOK NUMBER
ISBN 9789711041106
040 ## - CATALOGING SOURCE
Transcribing agency DJB
082 ## - DEWEY DECIMAL CLASSIFICATION NUMBER
Classification number 633 INT 1985 A043 Or.
100 1# - MAIN ENTRY--AUTHOR NAME
Personal name Heinrichs, E. A.
245 10 - TITLE STATEMENT
Title Genetic evaluation for insect resistance in rice /
260 ## - PUBLICATION, DISTRIBUTION, ETC. (IMPRINT)
Place of publication Manila, Philippines :
Name of publisher International Rice Research Institute,
Year of publication 1985.
300 ## - PHYSICAL DESCRIPTION
Number of Pages [10], 356 p. :
Other physical details ill. (some col.) ;
Dimensions 23 cm.
650 #0 - SUBJECT ADDED ENTRY--TOPICAL TERM
Topical Term Rice
650 #0 - SUBJECT ADDED ENTRY--TOPICAL TERM
Topical Term Rice
650 #0 - SUBJECT ADDED ENTRY--TOPICAL TERM
Topical Term Rice
700 1# - ADDED ENTRY--PERSONAL NAME
Personal name Medrano, F. G.
700 1# - ADDED ENTRY--PERSONAL NAME
Personal name Rapusas, H. R.
710 2# - ADDED ENTRY--CORPORATE NAME
Corporate name or jurisdiction name as entry element International Rice Research Institute.
942 ## - ADDED ENTRY ELEMENTS (KOHA)
Koha item type សៀវភៅភាសាអង់គ្លេស
952 ## - LOCATION AND ITEM INFORMATION (KOHA)
Withdrawn status [LOCAL, KOHA] 0
Holdings
Permanent Location Date acquired Koha item type Lost status Shelving location Barcode Current Location Full call number
Library Block A2017-08-15សៀវភៅភាសាអង់គ្លេស A043A22422Library Block A633 INT 1985 A043 Or.
មជ្ឈមណ្ឌលឯការនៃសាកលវិទ្យាល័យភូមិន្ទកសិកម្មចំការដូង

Powered by Koha